Most Populous Cities in Belgium - Statistics

General Stats
  • This quiz has been taken 29 times
  • The average score is 7 of 9
Answer Stats
Population City % Correct
459,805 Antwerp
100%
1,019,022 Brussels
100%
231,493 Ghent
96%
116,709 Bruges
92%
182,597 Liege
92%
200,132 Charleroi
88%
106,284 Namur
52%
160,553 Anderlecht
36%
132,761 Schaerbeek
32%
No matching quizzes found
Score Distribution
Percent of People with Each Score
Percentile by Number Answered
Your Score History
You have not taken this quiz